Análisis de riesgos para los procesos de fermentación y desalcoholización para la producción de cerveza de acuerdo al sistema de certificación alimentaria FSSC 22000
Spremljeno u:
| Glavni autor: | |
|---|---|
| Daljnji autori: | |
| Format: | Knjiga |
| Jezik: | Spanish |
| Izdano: |
San José, Costa Rica
2018
|
| Teme: | |
| Oznake: |
Dodaj oznaku
Bez oznaka, Budi prvi tko označuje ovaj zapis!
|
MARC
| LEADER | 00000nam a22000007a 4500 | ||
|---|---|---|---|
| 003 | 012013 | ||
| 005 | 20230526074734.0 | ||
| 008 | 190403b2018 c a|||| |m|| 00| ||spa d | ||
| 040 | |c cru CEDI | ||
| 090 | |a TFG 8163 | ||
| 100 | |9 16300 |a Castro Campos, Itzel | ||
| 245 | |a Análisis de riesgos para los procesos de fermentación y desalcoholización para la producción de cerveza de acuerdo al sistema de certificación alimentaria FSSC 22000 | ||
| 260 | |a San José, Costa Rica |c 2018 | ||
| 500 | |a Práctica dirigida(licenciatura en ingeniería química)--Universidad de Costa Rica. Facultad de Ingeniería. Escuela de Ingeniería Química | ||
| 501 | |a Directora de Proyecto de Graduación: Ing. Paula Solano Sánchez, M.Sc | ||
| 650 | |x CERVEZA - PRODUCCION |x ALCOHOL |x FERMENTACION |x EVALUACION DE RIESGOS |x INDUSTRIAS ALIMENTICIAS - CERTIFICACION | ||
| 700 | |9 15 |a Solano Sánchez, Paula Raquel, 1976- |d Directora del TFG | ||
| 942 | |c CEDI |h TFG 8163 |6 TFG_8163_000000000000000 | ||
| 999 | |c 21653 |d 21653 | ||
